Egy tahiti Madonna a napfény városában Moholy-Nagy László szegedi éveiről /

Elmentve itt :
Bibliográfiai részletek
Szerző: Váraljai Anna
Dokumentumtípus: Cikk
Megjelent: 2017
Sorozat:ARTMAGAZIN / ARTMAGAZIN ONLINE 15 No. 2
Tárgyszavak:
mtmt:3231194
Online Access:http://publicatio.bibl.u-szeged.hu/34244
LEADER 00893nab a2200205 i 4500
001 publ34244
005 20240719113337.0
008 240719s2017 hu o 000 hun d
022 |a 1785-3060 
024 7 |a 3231194  |2 mtmt 
040 |a SZTE Publicatio Repozitórium  |b hun 
041 |a hun 
100 1 |a Váraljai Anna 
245 1 0 |a Egy tahiti Madonna a napfény városában   |h [elektronikus dokumentum] :  |b Moholy-Nagy László szegedi éveiről /  |c  Váraljai Anna 
260 |c 2017 
300 |a 44-48 
490 0 |a ARTMAGAZIN / ARTMAGAZIN ONLINE  |v 15 No. 2 
650 4 |a Művészetek (művészetek, művészettörténet, előadóművészetek, zene) 
856 4 0 |u http://publicatio.bibl.u-szeged.hu/34244/1/Artmagazin.pdf  |z Dokumentum-elérés  
856 4 0 |u http://publicatio.bibl.u-szeged.hu/34244/7/Artmagazin%20-%2015.%20%C3%A9vf.%202.%20%2894.%29%202017_c%C3%ADmlap%2C%20tartalom.pdf  |z Dokumentum-elérés